000 00712nam a2200217 i 4500
001 95274
003 ES-MaACL
005 20250702063050.0
007 t|
008 050525s1977 sp ||||1| spa d
100 1 _aLuriia, Aleksandr Romanovich,
_d1902-1977
_9174275
245 1 0 _aIntroducción evolucionista a la psicología /
_cA. R. Luria; [traducido por Pedro Mateo Merino].
250 _a[1ª ed.].
260 _aBarcelona :
_bFontanella,
_c1977.
300 _a160 p. ;
_c19 cm.
490 1 _aBreviarios de conducta humana
700 1 _aMerino, Pedro Mateo.
_980530
830 0 _aBreviarios de conducta humana
_9232181
852 _aES-MaACL
_jA-6813
_bR.95814
999 _c95274
_d95274